Jurassic park dinosaurs - Statistics

General Stats
  • This quiz has been taken 235 times
  • The average score is 5 of 8
Answer Stats
Hint Answer % Correct
Big dino killed T rex in JP 3 Spinosaurus
87%
Water dino, kills Zara in JW Mosasaurus
72%
Kills Robert Muldoon"clever Girl" Velociraptor
64%
Kills Dennis Nedry"No wonder you went extinct" Dilophosaurus
63%
Atacked Lex and Tim on isla Nublar T rex
62%
Flying dino, also killed by above Pteranodon
61%
Other flying dino Dimorphodon
48%
Main dino in Jurassic World Indominus rex
32%
No matching quizzes found
Score Distribution
Percent of People with Each Score
Percentile by Number Answered
Your Score History
You have not taken this quiz